[Event "Challenge"]
[Site "http://www.queenalice.com/game.php?id=1498627"]
[Date "2017.10.12"]
[Round "-"]
[White "tucuman"]
[Black "MSchatz"]
[Result "0-1"]
[WhiteElo "1825"]
[BlackElo "2166"]

1. e4 e6 2. d4 d5 3. e5 c5 4. c3 Qb6 5. Nf3 Bd7 6. Be2 Nc6 7. O-O cxd4 8. cxd4
Nge7 9. Nc3 Nf5 10. b3 Nfxd4 11. Be3 Nxf3+ 12. Bxf3 Qc7 13. Ne2 g6 14. Bd4 Bg7
15. Re1 Nxd4 16. Nxd4 Bxe5 17. Rxe5 Qxe5 18. h3 Rc8 19. Ne2 O-O 20. Ng3 Rc7 21.
Bg4 Rfc8 22. Qf1 f5 23. Bf3 Qf6 24. Ne2 Bb5 25. a4 Bxe2 26. Qxe2 Qxa1+ 0-1

[Event "Challenge"]
[Site "http://www.queenalice.com/game.php?id=1499421"]
[Date "2017.10.18"]
[Round "-"]
[White "MSchatz"]
[Black "tucuman"]
[Result "1-0"]
[WhiteElo "2178"]
[BlackElo "1895"]

1. e4 e5 2. Bc4 d6 3. Nc3 Nf6 4. d3 a6 5. Be3 Nc6 6. h3 Qe7 7. Nf3 Be6 8. Bb3
Bxb3 9. axb3 Qd7 10. Qd2 h6 11. Ne2 Be7 12. Ng3 O-O-O 13. b4 Kb8 14. c3 Na7 15.
Nf5 Rdg8 16. Nxe7 Qxe7 17. Bxa7+ Kxa7 18. b5 Qd7 19. bxa6 bxa6 20. c4 Qc6 21. b4
Kb7 22. O-O Kc8 23. Nh4 g6 24. Qe3 Kd7 25. f4 Rd8 26. fxe5 Kc8 27. Rxf6 Rd7 28.
Raf1 Rh7 29. exd6 Kd8 30. Rxg6 Rxd6 31. Rg8+ Kd7 32. Nf3 Rg6 33. Ne5+ Ke6 34.
Rxg6+ 1-0

[Event "Chess II"]
[Site "http://www.queenalice.com/game.php?id=1500105"]
[Date "2017.10.23"]
[Round "1"]
[White "Rossini"]
[Black "MSchatz"]
[Result "0-1"]
[WhiteElo "1789"]
[BlackElo "2176"]

1. e4 e5 2. Nf3 Nc6 3. Bb5 a6 4. Bxc6 dxc6 5. b3 Bd6 6. Bb2 Bg4 7. O-O Qf6 8. d4
Bxf3 9. Qxf3 Qxf3 10. gxf3 f6 11. dxe5 Bxe5 12. Bxe5 fxe5 13. Nd2 O-O-O 14. Nc4
Re8 15. Kh1 Nf6 16. Rg1 g6 17. Rg5 Nd7 18. a4 Rhf8 19. Kg2 Rf6 20. Rd1 h6 21.
Rg3 Nb6 22. Ne3 h5 23. h4 Ref8 24. Rd3 Nd7 25. b4 Re8 26. c4 Nf8 27. c5 Ne6 28.
Kh2 Nd4 29. Kg2 Ne2 30. Nc4 Nf4+ 0-1

[Event "Challenge"]
[Site "http://www.queenalice.com/game.php?id=1500722"]
[Date "2017.10.27"]
[Round "-"]
[White "MSchatz"]
[Black "tucuman"]
[Result "1-0"]
[WhiteElo "2168"]
[BlackElo "1830"]

1. e4 e5 2. Nc3 Bb4 3. Bc4 Bxc3 4. bxc3 d6 5. d3 h6 6. Be3 Nf6 7. Nf3 Nc6 8. h3
O-O 9. O-O Qe7 10. Nh4 a6 11. Ng6 Qe8 12. Nxf8 Qxf8 13. Qf3 Be6 14. Bb3 Bxb3 15.
cxb3 Nh7 16. Qg3 Kh8 17. f4 exf4 18. Rxf4 f6 19. Raf1 Ne5 20. Bc1 Ng5 21. R4f2
Qe7 22. h4 Nh7 23. Ba3 c5 24. Bc1 Rg8 25. Bf4 b5 26. Bxe5 dxe5 27. Rf5 a5 28.
Qe3 Qd6 29. Rd1 Qc6 30. c4 bxc4 31. dxc4 Qc7 32. Rd5 g6 33. Rf1 Qc8 34. Rfd1 h5
35. Rxc5 Qg4 36. Rd2 Qxh4 37. Rd7 Rf8 38. Rcc7 Ng5 39. Qxg5 Qe1+ 40. Kh2 1-0

[Event "Challenge"]
[Site "http://www.queenalice.com/game.php?id=1500723"]
[Date "2017.10.27"]
[Round "-"]
[White "MSchatz"]
[Black "Eggchaser"]
[Result "1/2-1/2"]
[WhiteElo "2174"]
[BlackElo "1960"]

1. e4 c5 2. Nf3 d6 3. Bb5+ Nd7 4. Nc3 Nf6 5. b3 a6 6. Be2 g6 7. Bb2 Bg7 8. d3
O-O 9. O-O b5 10. Qc1 Bb7 11. Re1 e6 12. Bf1 Qc7 13. g3 Rab8 14. Bg2 b4 15. Nd1
Nb6 16. Ne3 Rbc8 17. Nd2 d5 18. exd5 Nbxd5 19. Nxd5 Bxd5 20. Bxd5 Nxd5 21. Bxg7
Kxg7 22. Nc4 Nc3 23. Qd2 Rfd8 24. Qe3 Nd5 25. Qe5+ Qxe5 26. Nxe5 Ne7 27. Kg2 Nc6
28. Nxc6 Rxc6 29. h4 h5 30. Re4 Rd4 31. Rae1 Rcd6 32. f3 Kf6 33. f4 Rxe4 34.
Rxe4 Ke7 35. Re5 Rd5 36. Re4 a5 37. Kf3 Kd6 38. Re2 Rd4 39. Re1 Rd5 40. Re4 Ke7
41. Re5 Kd6 42. Re4 1/2-1/2

[Event "Chess II"]
[Site "http://www.queenalice.com/game.php?id=1508554"]
[Date "2017.12.19"]
[Round "2"]
[White "MSchatz"]
[Black "Ivacir"]
[Result "1/2-1/2"]
[WhiteElo "2180"]
[BlackElo "2126"]

1. e4 c5 2. Nf3 e6 3. d3 Nc6 4. g3 d5 5. exd5 exd5 6. Bg2 Qe7+ 7. Qe2 Qxe2+ 8.
Kxe2 Bg4 9. c3 O-O-O 10. Re1 Bd6 11. Kf1 Nf6 12. Bg5 h6 13. Bxf6 gxf6 14. Nbd2
Bf5 15. d4 cxd4 16. Nxd4 Nxd4 17. cxd4 Kb8 18. a3 h5 19. Nf3 Rhe8 20. Rxe8 Rxe8
21. Rc1 Bc7 22. Nh4 Bd3+ 23. Kg1 Bg6 24. Bxd5 Bb6 25. Nxg6 fxg6 26. Bf7 Re2 27.
Bxg6 Bxd4 28. Rc2 Rxc2 29. Bxc2 Bxb2 30. a4 Kc7 31. f4 a5 32. Bd1 h4 33. gxh4 f5
34. Kf2 Kd6 1/2-1/2

[Event "AUTO-OPEN-3764"]
[Site "http://www.queenalice.com/game.php?id=1508576"]
[Date "2017.12.19"]
[Round "3"]
[White "nemeth"]
[Black "MSchatz"]
[Result "1-0"]
[WhiteElo "2353"]
[BlackElo "2188"]

1. e4 e5 2. Nc3 Nc6 3. Bc4 Bc5 4. Qg4 Qf6 5. Nd5 Qxf2+ 6. Kd1 Kf8 7. Nh3 Qd4 8.
d3 Nf6 9. Nxf6 gxf6 10. Bh6+ Ke7 11. Qg7 Nd8 12. Rf1 d5 13. c3 Ne6 14. Qxf6+ 1-0

[Event "AUTO-OPEN-3764"]
[Site "http://www.queenalice.com/game.php?id=1508577"]
[Date "2017.12.19"]
[Round "3"]
[White "MSchatz"]
[Black "nemeth"]
[Result "0-1"]
[WhiteElo "2187"]
[BlackElo "2367"]

1. e4 c5 2. Nf3 e6 3. d3 Nc6 4. Be3 d5 5. g3 Nf6 6. exd5 Nxd5 7. Bg2 Be7 8. O-O
O-O 9. Nbd2 b6 10. d4 Nxe3 11. fxe3 Bb7 12. Nc4 Rc8 13. c3 cxd4 14. exd4 Nxd4
15. Nxd4 Bxg2 16. Kxg2 Rxc4 17. Qe2 Qd5+ 18. Nf3 Re4 19. Qa6 Qa8 20. Rad1 Rd8
21. Rxd8+ Bxd8 22. Rd1 Re3 23. Rf1 Bf6 24. Qa4 Re2+ 25. Rf2 Rxf2+ 26. Kxf2 g6
27. Qf4 Kg7 28. Ne5 Qd5 29. Ng4 Bg5 30. Qe5+ Qxe5 31. Nxe5 Kf6 32. Nf3 Bc1 33.
b3 e5 34. h3 Ke6 35. Ke2 f5 36. Ne1 h5 37. Nd3 Bh6 38. a4 Bf8 39. Nf2 g5 40. Nd3
e4 41. Nf2 Ke5 42. g4 hxg4 43. hxg4 f4 44. Nh3 Be7 45. b4 Kd5 46. Kd2 Kc4 47.
Kc2 e3 48. a5 f3 49. axb6 axb6 0-1

[Event "Chess II"]
[Site "http://www.queenalice.com/game.php?id=1522825"]
[Date "2018.4.8"]
[Round "3"]
[White "Juuca"]
[Black "MSchatz"]
[Result "1-0"]
[WhiteElo "2296"]
[BlackElo "2178"]

1. e4 e5 2. f4 exf4 3. Nf3 d6 4. d4 g5 5. h4 g4 6. Ng1 Bh6 7. Nc3 c6 8. Nge2 Qf6
9. g3 f3 10. Nf4 Ne7 11. Be3 Nd7 12. Qd2 Bxf4 13. Bxf4 Ng6 14. Be3 Nb6 15. O-O-O
Bd7 16. h5 Nf8 17. Bg5 Qg7 18. e5 1-0

[Event "AUTO-MASTER-2631"]
[Site "http://www.queenalice.com/game.php?id=1538407"]
[Date "2018.8.10"]
[Round "2"]
[White "goldenboy"]
[Black "MSchatz"]
[Result "1-0"]
[WhiteElo "2247"]
[BlackElo "2053"]

1. e4 e5 2. Nf3 Nc6 3. Bc4 Bc5 4. O-O d6 5. c3 Nf6 6. d4 exd4 7. cxd4 Bb6 8. Bg5
h6 9. Bh4 Bg4 10. Bb5 O-O 11. Bxc6 bxc6 12. Nc3 g5 13. Bg3 Re8 14. e5 Nd7 15.
exd6 cxd6 16. Bxd6 Nf6 17. Be5 Nd5 18. h3 Bh5 19. Re1 f6 20. Nxd5 cxd5 21. Bg3
Rxe1+ 22. Qxe1 Bxf3 23. Qe6+ Kg7 24. gxf3 Bxd4 25. Rd1 Bb6 26. Rxd5 Qe8 27. Rd7+
Kh8 28. Qxf6+ 1-0

[Event "AUTO-MASTER-2631"]
[Site "http://www.queenalice.com/game.php?id=1538409"]
[Date "2018.8.10"]
[Round "2"]
[White "Constante"]
[Black "MSchatz"]
[Result "1-0"]
[WhiteElo "2115"]
[BlackElo "2166"]

1. e4 e5 2. Nf3 Nc6 3. Bb5 a6 4. Ba4 b5 5. Bb3 Bb7 6. O-O Bc5 7. c3 Nf6 8. Re1
d6 9. d4 exd4 10. cxd4 Bb6 11. Bg5 1-0